00753cam a2200217 a 4500001000500000005001700005020001800022040002300040050002000063082001100083100002600094245008800120260003500208300005800243505000800301520013500309521002000444521002000464650001900484700003200503274020250822121441.0 a9780590402330 aDLCcDLCdDLCbeng00aPZ7.N964b 198500a813.541 aNumeroff, Laura Joffe10aIf you give a mouse a cookie /cLaura Joffe Numeroff ; illustrated by Felicia Bond. aNew York :bScholastic ,c1985 a28 unnumbered pages :bcolor illustrations ;c21 cm . aG  aRelating the cycle of requests a mouse is likely to make after you give him a cookie takes the reader through a young child's day. a410 bLexile  aG bRaz-Plus  1aMicexFiction.1 aBond, Feliciaeillustrator